| 000 | 00522nam a2200193 i 4500 | ||
|---|---|---|---|
| 001 | bgj | ||
| 100 | 1 | _aMcOWEN, Rennie | |
| 245 | 1 | 0 |
_aTartans : _bthe facts & myths / _cby Rennie McOwan. |
| 260 |
_aNorwich, England : _bJarrold Publishing, _cc. 1996. |
||
| 300 |
_a32 pp : _bill. ; _c25 cm. |
||
| 650 | 9 | _aTartans | |
| 650 | 9 |
_aNational costume _zScotland |
|
| 020 | _a0711703418 (pbk) | ||
| 040 | _cBPK | ||
| 041 | 0 | _aeng | |
| 920 | _a0-7117-0341-8 (pbk) | ||
| 942 | _cKS | ||
| 008 | s uk f |000 0 eng | ||
| 999 |
_c50118 _d50118 |
||
| 856 |
_uhttp://koha.tu.koszalin.pl/cgi-bin/koha/opac-detail.pl?biblionumber=50118 _yKatalog online BPK |
||